000 00516njm a2200205 i 4500
001 C2-0282537
003 PPAK
005 20180729152339.0
008 071010s2005 my |||| ||||| | may d
040 _aPPAK
_beng
_cPPAK
_erda
245 0 0 _aPanduan Solat Sunat 2
264 1 _aKuala Lumpur :
_bTelaga Biru ,
_c2005
336 _2rdacontent
_atext
337 _2rdamedia
_aunmediated
338 _2rdacarrier
_avolume
500 _aCD 0602/07
650 1 0 _aPrayer - Islam
700 _eauthor
942 _ddc
_cB
999 _c163597
_d163597